000 00291nam a22001337a 4500
020 _a978-1-905224-62-3
041 _aENG
100 _aFernandes R
245 _aDairy Products
260 _aUk
_bRoyal Society Of Chemistry
_c2009
300 _a173
650 _aAPE
856 _uAPE ( 03 )
999 _c1689
_d1689